• 首页
  • 本馆介绍
  • 公告通知
  • 最新文献
  • 馆藏检索
  • 电子资源
  • 读者导购
  • 参考咨询
  • 我的图书馆
  • 登录
  • 详细信息显示
  • 放入我的书架
  • 预约/预借图书
  • 作者相关作品
  • 分类相关作品
  • 丛书相关作品
  • 出版社相关作品

书目信息

  • 表格格式
  • 工作单格式
  • 卡片格式
题名:
2007版考研英语模拟考场
    
 
作者: 夏綺荣 主编
分册:  
出版信息: 北京   世界图书出版公司啟  2006.07
页数: 376页
开本: 26cm
丛书名:
单 册:
中图分类: H31
科图分类:
主题词: 英语
电子资源:
ISBN: 7-5062-6497-8
000 00612nam0 2200205 450
001 0782314583
005 20071221225328.02
010    @a7-5062-6497-8@dCNY34.80
100    @a20071221d2006 km y0chiy0120 ea
101 0  @achi
200 1  @a2007版考研英语模拟考场@A2007 ban kao yan ying yu mo ni kao chang@f夏綺荣主编@Fxia yi rong zhu bian
205    @a第三版
210    @a北京@c世界图书出版公司啟@d2006.07
215    @a376页@d26cm
606 0  @a英语
690    @aH31@v4
701  0 @a夏綺荣@Axia yi rong@4主编
801  0 @aCN@b大连网信软件有限公司图书馆@c20071221
905    @aBZT@dH31@e102
906    @dCNY34.80@n0@r1
    
    2007版考研英语模拟考场/夏綺荣主编.-第三版.-北京:世界图书出版公司啟,2006.07
    376页;26cm
    
    
    ISBN 7-5062-6497-8:CNY34.80
    
●
相关链接 在五车中查询图书 在当当中查询图书 在豆瓣中查询图书


正题名:2007版考研英语模拟考场     索取号:H31/102         预约/预借

序号 登录号 条形码 馆藏地/架位号 状态 备注
1 630115   2000630115   中心书库中库/ 中库038架A面2列4层25/ [索取号:H31/102] 在馆    
2 630116   2000630116   中心书库中库/ 中库038架A面1列2层16/ [索取号:H31/102] 在馆    
3 630117   2000630117   中心书库中库/ 中库038架A面2列4层26/ [索取号:H31/102] 在馆    
4 630118   2000630118   中心书库中库/ 中库038架A面1列2层18/ [索取号:H31/102] 在馆    
5 630119   2000630119   中心书库中库/ 中库038架A面2列4层27/ [索取号:H31/102] 在馆    
6 630120   2000630120   中心书库中库/ 中库038架A面2列4层23/ [索取号:H31/102] 在馆    
7 630121   2000630121   中心书库中库/ 中库038架A面2列4层29/ [索取号:H31/102] 在馆    
8 630122   2000630122   中心书库中库/ 中库038架A面1列2层19/ [索取号:H31/102] 在馆    
9 630123   2000630123   中心书库中库/ 中库038架A面1列2层20/ [索取号:H31/102] 在馆    
10 630124   2000630124   中心书库中库/ 中库038架A面1列2层17/ [索取号:H31/102] 在馆    
山东省滨州职业学院图书馆 欢迎您!
大连网信软件有限公司© 版权所有